Polish Cities by their German Names - Statistics

General Stats
  • This quiz has been taken 110 times
  • The average score is 10 of 15
Answer Stats
German city name Polish city name % Correct
Krakau Kraków
100%
Warschau Warszawa
100%
Danzig Gdańsk
98%
Kattowitz Katowice
96%
Posen Poznań
92%
Breslau Wrocław
87%
Stettin Szczecin
85%
Gdingen Gdynia
73%
Gleiwitz Gliwice
62%
Bromberg Bydgoszcz
53%
Tschenstochau Częstochowa
49%
Reichshof Rzeszów
42%
Hindenburg Zabrze
20%
Sudauen Suwałki
15%
Schröttersburg Płock
13%
No matching quizzes found
Score Distribution
Percent of People with Each Score
Percentile by Number Answered
Your Score History
You have not taken this quiz